Cơ sở vật lí T.4 Điện học
Trình bày kiến thức cơ bản điện tích, điện trường, định luật Gauss, điện thế, điện dung, dòng điện và điện trở, mạch điện kèm theo bài tập, bài toán mẫu mỗi chương
Na minha lista:
| Autor principal: | |
|---|---|
| Outros Autores: | , , , , |
| Formato: | Livro |
| Idioma: | Vietnamese English |
| Publicado em: |
H.
Giáo dục
2008
|
| Edição: | Tái bản lần thứ 8 |
| Assuntos: | |
| Tags: |
Adicionar Tag
Sem tags, seja o primeiro a adicionar uma tag!
|
| Thư viện lưu trữ: | Mạng thư viện Đại học Đà Nẵng |
|---|
| LEADER | 01704aam a22004218a 4500 | ||
|---|---|---|---|
| 001 | 000008238 | ||
| 003 | 4423 | ||
| 005 | 20120312070319.0 | ||
| 008 | 111014s2008 viesd | ||
| 020 | |c 43500đ |d 1000b | ||
| 041 | 1 | |a vie |h eng | |
| 082 | 1 | 4 | |2 14 |a 530.1 |b HA-D |
| 100 | 1 | |a Halliday, David | |
| 245 | 1 | 0 | |a Cơ sở vật lí |c David Halliday, Robert Resnick, Jearl Walker ; Dịch: Đàm Trung Đồn (ch.b.)... |n T.4 |p Điện học |
| 250 | |a Tái bản lần thứ 8 | ||
| 260 | |a H. |b Giáo dục |c 2008 | ||
| 300 | |a 295tr. |b minh hoạ |c 27cm | ||
| 504 | |a Phụ lục: tr. 266-283 | ||
| 520 | |a Trình bày kiến thức cơ bản điện tích, điện trường, định luật Gauss, điện thế, điện dung, dòng điện và điện trở, mạch điện kèm theo bài tập, bài toán mẫu mỗi chương | ||
| 650 | 7 | |2 Bộ TK TVQG |a Vật lí | |
| 650 | 7 | |2 Bộ TK TVQG |a Điện học | |
| 700 | 1 | |a Resnick, Robert | |
| 700 | 1 | |a Walker, Jearl | |
| 700 | 1 | |a Đàm Trung Đồn |e ch.b. dịch | |
| 700 | 1 | |a Hoàng Hữu Thư |e ch.b. dịch | |
| 700 | 1 | |a Lê Khắc Bình |e dịch | |
| 773 | |b Tái bản lần thứ 10 |d H. |d 2010 |d Giáo dục |t Cơ sở vật lí |w 444191 | ||
| 773 | |t Cơ sở vật lí |w 4420 | ||
| OWN | |a LSP | ||
| AVA | |a UDN50 |b LSP |d 530.1 HA-D |e available |t Error 5001 Not defined in file expand_doc_bib_avail. |f 9 |g 0 |h N |i 0 |k 1 | ||
| 999 | |a From the UDN01 | ||
| AVA | |a UDN50 |b LSP |d 530.1 HA-D |e available |t Error 5001 Not defined in file expand_doc_bib_avail. |f 9 |g 0 |h N |i 0 |k 1 | ||
| TYP | |a Monograph | ||
| TYP | |a Printed language | ||
| 980 | |a Mạng thư viện Đại học Đà Nẵng | ||